The distribution and abundance of animals, (Record no. 15794)

000 -LEADER
fixed length control field 00445cam a22001571 4500
040 ## - CATALOGING SOURCE
Transcribing agency ODaWU
082 ## - DEWEY DECIMAL CLASSIFICATION NUMBER
Classification number 591 UNI 1954 A080 Or.
100 1# - MAIN ENTRY--AUTHOR NAME
Personal name Andrewartha, H. G.
245 14 - TITLE STATEMENT
Title The distribution and abundance of animals,
260 ## - PUBLICATION, DISTRIBUTION, ETC. (IMPRINT)
Place of publication Chicago,
Name of publisher University of Chicago Press
Year of publication [1954]
300 ## - PHYSICAL DESCRIPTION
Number of Pages xv, 782 p.
Other physical details illus., maps.
Dimensions 25 cm.
650 #0 - SUBJECT ADDED ENTRY--TOPICAL TERM
Topical Term Animal ecology.
650 #0 - SUBJECT ADDED ENTRY--TOPICAL TERM
Topical Term Physiology, Comparative.
700 1# - ADDED ENTRY--PERSONAL NAME
Personal name Birch, Charles,
942 ## - ADDED ENTRY ELEMENTS (KOHA)
Koha item type សៀវភៅភាសាអង់គ្លេស
952 ## - LOCATION AND ITEM INFORMATION (KOHA)
Withdrawn status [LOCAL, KOHA] 0
Holdings
Permanent Location Date acquired Koha item type Lost status Shelving location Barcode Current Location Full call number
Library Block A2017-12-11សៀវភៅភាសាអង់គ្លេស A080A10053Library Block A591 UNI 1954 A080 Or.
មជ្ឈមណ្ឌលឯការនៃសាកលវិទ្យាល័យភូមិន្ទកសិកម្មចំការដូង

Powered by Koha